Statistiques concernant Culture Générale - Série 404

Cliquez ici pour prendre le quiz!

Statistiques générales

  • Ce quiz a été pris 382 fois
  • Le résultat moyen est 8 sur 10

Statistiques - réponses

QuestionRéponse% Correct
Comment se nomme le célèbre portrait de Mona Lisa réalisé par Léonard de Vinci ?La Joconde
98%
Dans quelle ville italienne se situe la "Tour penchée" de la "place des Miracles"?Pise
97%
En argot, à quelle partie du corps se rapportent les mots "nougats" et "panards" ?Les pieds
93%
Que signifie le "Z" dans les acronymes ZAC, ZUP et ZEP ?Zone
92%
Quelle fête d'origine anglo-saxonne est traditionnellement célébrée le 31 octobre aux Etats-Unis ?Halloween
89%
Quelle actrice américaine s'amuse en voyant sa jupe blanche se soulever dans "Sept ans de réflexion" ?Marilyn Monroe
85%
Comment se nomme la baleine blanche qui a donné son nom au célèbre roman d'Herman Melville ?Moby Dick
75%
Quel adjectif qualifie spécifiquement des yeux de couleurs différentes ?Vairons
67%
Quel footballeur français a marqué ses deux uniques buts en bleu en demi-finale de la Coupe du monde 98 ?Lilian Thuram
59%
Dans l'Egypte ancienne, quel était l'emblème de la résurrection ?Le scarabée
16%

Distribution des résultats

Percentile par nombre de réponses

% des personnes avec chaque résultat

Votre développement - résultats

Vous n’avez pas pris ce quiz